000 00797nam a2200217 a 4500
999 _c11562
_d11562
003 BD-JhCC
005 20220802134022.0
008 200329s2019 b a|||| |||| 001 0 ben d
020 _a9840758195
035 _a(BD-JhCC)
040 _aBD-JhCC
_dBD-JhCC
041 _aben
082 _a891.4409
_bBAN 2019
245 _aবাংলা সাহিত্যের ইতিহাস /
_cসম্পাদনায় আনিসুজ্জামান
260 _aঢাকা :
_bবাংলা একাডেমী,
_c২০১৯
300 _a১-৪র্থ খন্ড, :
_bচিত্রবলী
_c২০ সেমি.
500 _aনির্ঘন্ট
650 _aHistory of Bengali Literature
700 _aআনিসুজ্জামান
942 _2ddc
_cBK
_01